| 000 | 01405nam a2200397 i 4500 | ||
|---|---|---|---|
| 001 | 30845 | ||
| 003 | KOSZ 005 | ||
| 005 | 20210511121626.0 | ||
| 008 | s1992 pl f |000 0 pol | ||
| 040 |
_cKOSZ 005 _aKOSZ 005 _dKOSZ 005/EG |
||
| 041 | 0 | _apl | |
| 080 | _a378.6 | ||
| 080 | _a378.167 | ||
| 080 | _a33 | ||
| 100 | 1 |
_aGiza, Irena _eAutor |
|
| 245 | 1 | 0 |
_aPodstawy modelowania podręczników akademickich z dziedziny nauk ekonomicznych / _cIrena Giza. |
| 260 |
_aWarszawa : _bSzkoła Główna Handlowa, _c1992. |
||
| 300 |
_a171 s. ; _c24 cm. |
||
| 336 |
_2rdacontent _aTekst _btxt |
||
| 337 |
_2rdamedia _aBez urządzenia pośredniczącego _bn |
||
| 338 |
_2rdacarrier _aWolumin _bnc |
||
| 380 | _aKsiążki | ||
| 388 | _a1901-2000 | ||
| 388 | _a1989-2000 | ||
| 490 | 1 |
_aMonografie i Opracowania / Szkoła Główna Handlowa, _x0867-7727 ; _v367 |
|
| 504 | _aBibliogr. s. 164-171 s. | ||
| 650 | 7 | _aEkonomia | |
| 650 | 7 | _aNauczanie | |
| 650 | 7 | _aSzkolnictwo wyższe | |
| 655 | 7 | _aPodręczniki akademickie | |
| 658 | _aEdukacja i pedagogika | ||
| 710 | 2 |
_aOficyna Wydawnicza (Szkoła Główna Handlowa ; Warszawa) _4pbl |
|
| 830 |
_aMonografie i Opracowania - Szkoła Główna Handlowa _v367 |
||
| 856 |
_uhttp://koha.tu.koszalin.pl/cgi-bin/koha/opac-detail.pl?biblionumber=30845 _yKatalog online BPK |
||
| 942 |
_cKS _2UKD |
||
| 999 |
_c30845 _d30845 |
||